El general en su laberinto / (Record no. 26982)
[ view plain ]
| 000 -LEADER | |
|---|---|
| fixed length control field | 00624cam a2200217 a 4500 |
| 001 - CONTROL NUMBER | |
| control field | sjds1073902 |
| 003 - CONTROL NUMBER IDENTIFIER | |
| control field | sjdst |
| 005 - DATE AND TIME OF LATEST TRANSACTION | |
| control field | 20220429103317.0 |
| 008 - FIXED-LENGTH DATA ELEMENTS--GENERAL INFORMATION | |
| fixed length control field | 910102s1989 ag a 000 1 spa c |
| 010 ## - LIBRARY OF CONGRESS CONTROL NUMBER | |
| LC control number | 91100185 |
| 020 ## - INTERNATIONAL STANDARD BOOK NUMBER | |
| International Standard Book Number | 9500705516 |
| 040 ## - CATALOGING SOURCE | |
| Original cataloging agency | MH |
| Transcribing agency | MH |
| Modifying agency | DLC |
| 041 ## - LANGUAGE CODE | |
| Language code of text/sound track or separate title | spa |
| 050 14 - LIBRARY OF CONGRESS CALL NUMBER | |
| Classification number | PQ8180.17.A73 |
| Item number | G4 1989c |
| 100 1# - MAIN ENTRY--PERSONAL NAME | |
| Personal name | García Marquez, Gabriel, |
| Dates associated with a name | 1927-2014. |
| 245 13 - TITLE STATEMENT | |
| Title | El general en su laberinto / |
| Statement of responsibility, etc. | Gabriel García Marquez. |
| 260 ## - PUBLICATION, DISTRIBUTION, ETC. (IMPRINT) | |
| Place of publication, distribution, etc. | Buenos Aires : |
| Name of publisher, distributor, etc. | Editorial Sudamericana, |
| Date of publication, distribution, etc. | 1989. |
| 300 ## - PHYSICAL DESCRIPTION | |
| Extent | 286 p. : |
| Other physical details | ill. ; |
| Dimensions | 22 cm. |
| 600 10 - SUBJECT ADDED ENTRY--PERSONAL NAME | |
| Personal name | Bolivar, Simon, |
| Dates associated with a name | 1783-1830 |
| Form subdivision | Fiction. |
| 942 ## - ADDED ENTRY ELEMENTS (KOHA) | |
| Koha item type | Libro/Book |
| Withdrawn status | Lost status | Damaged status | Not for loan | Home library | Current library | Date acquired | Total Checkouts | Full call number | Barcode | Date last seen | Price effective from | Koha item type |
|---|---|---|---|---|---|---|---|---|---|---|---|---|
| San Juan Del Sur -- Biblioteca | San Juan Del Sur -- Biblioteca | 29/04/2022 | F | 30028808 | 29/04/2022 | 29/04/2022 | Libro/Book |